| 000 | 00000nam 2200000zi 4500 |
| 001 | 9.866730 |
| 003 | CaOODSP |
| 005 | 20221107162125 |
| 006 | m o d f |
| 007 | cr ||||||||||| |
| 008 | 190107t20192019onc o f000 0 eng d |
| 020 | |a9780660292182 |
| 040 | |aCaOODSP|beng|erda|cCaOODSP |
| 043 | |an-cn--- |
| 086 | 1 |aH114-4/2019E-PDF |
| 245 | 00|aAdministrative monetary penalties (AMPs). |
| 264 | 1|a[Ottawa] : |bHealth Canada = Santé Canada, |c[2019] |
| 264 | 4|c©2019 |
| 300 | |a1 online resource (17 pages) |
| 500 | |aIssued also in French under title: Les sanctions administratives pécuniaires (SAP). |
| 500 | |aIssued also in HTML format. |
| 650 | 0|aPests|xControl|xLaw and legislation|zCanada. |
| 650 | 0|aSanctions, Administrative|zCanada. |
| 650 | 0|aProducts liability|xPesticides|zCanada. |
| 710 | 1 |aCanada. |bPest Management Regulatory Agency, |eissuing body. |
| 775 | 08|tLes sanctions administratives pécuniaires (SAP).|w(CaOODSP)9.866733 |
| 776 | 0#|tAdministrative monetary penalties (AMPs) |w(CaOODSP)9.866731 |
| 795 | |tPest Management Regulatory Agency, administrative monetary penalties (AMPs) |w(CaOODSP)9.697058 |
| 856 | 40|qPDF|s947 KB|uhttps://publications.gc.ca/collections/collection_2020/sc-hc/H114-4-2019-eng.pdf |
| 856 | 4 |qHTML|sN/A|uhttps://www.canada.ca/en/health-canada/services/consumer-product-safety/reports-publications/pesticides-pest-management/fact-sheets-other-resources/administrative-monetary-penalties.html |